|
|
|
|
| LEADER |
00000nam a2200000 a 4500 |
| 001 |
UCK4556 |
| 003 |
CL-VaPUC |
| 008 |
050610e19890000SP |||||||||||||||||spa|d |
| 020 |
|
|
|a 8425416337
|
| 020 |
|
|
|a 8425416345v.1
|
| 020 |
|
|
|a 8425416353v.2
|
| 082 |
0 |
4 |
|a 220.3
|b EIC
|2 21
|
| 100 |
0 |
|
|a Eicher, Peter
|e author
|9 493105
|
| 245 |
1 |
0 |
|a Diccionario de conceptos teológicos
|
| 942 |
|
|
|c BK
|
| 945 |
|
|
|d 20050610 00:00:00
|a cmena
|
| 260 |
|
|
|a Barcelona
|b Herder
|c 1989
|
| 500 |
|
|
|a v.1: Amor-liturgia
|
| 500 |
|
|
|a v.2: Magisterio-verdad
|
| 650 |
|
0 |
|a Teología cristiana
|9 308336
|
| 650 |
|
0 |
|a Cristianismo
|9 257361
|
| 650 |
|
0 |
|a Diccionarios
|9 256200
|
| 650 |
|
0 |
|a Catolicismo
|9 258690
|
| 583 |
|
|
|a last modification
|c 20050610 00:00:00
|k Rodrigo Vera
|
| 999 |
|
|
|c 313385
|d 313383
|
| 952 |
|
|
|0 0
|1 0
|4 0
|6 220_300000000000000_EIC_1989
|7 0
|8 F
|9 384711
|a BIBTEO
|b BIBTEO
|d 2019-11-22
|h v.1
|i 4137973
|l 1
|o 220.3 EIC 1989
|p 4137973
|r 2025-01-17
|s 2023-11-07
|w 2019-11-22
|y BK_F
|k ICR
|
| 952 |
|
|
|0 0
|1 0
|4 0
|6 220_300000000000000_EIC_1989
|7 0
|8 F
|9 384712
|a BIBTEO
|b BIBTEO
|d 2019-11-22
|h v.2
|i 4137981
|o 220.3 EIC 1989
|p 4137981
|r 2025-01-17
|w 2019-11-22
|y BK_F
|k ICR
|